Faculty of Law Library — Cairo University

Official Online Catalog

القانون الدولي الخاص المصري. (Record no. 45837)

MARC details
000 -LEADER
fixed length control field 01156nam a2200301 i 4500
003 - CONTROL NUMBER IDENTIFIER
control field EG-GICUC
005 - DATE AND TIME OF LATEST TRANSACTION
control field 20260121101341.0
008 - FIXED-LENGTH DATA ELEMENTS--GENERAL INFORMATION
fixed length control field 251125s1962 ua ||||fr ||| 00| 0 ara d
040 ## - CATALOGING SOURCE
Original cataloging agency EG-GICUC
Transcribing agency EG-GICUC
Modifying agency EG-GICUC
Description conventions rda
Language of cataloging ara
041 0# - LANGUAGE CODE
Language code of text/sound track or separate title ara
082 04 - DEWEY DECIMAL CLASSIFICATION NUMBER
Edition number 21
Classification number 341.84
Item number ع ز . ق
092 04 - LOCALLY ASSIGNED DEWEY CALL NUMBER (OCLC)
Edition number 21
099 ## - LOCAL FREE-TEXT CALL NUMBER (OCLC)
Classification number Law1 12 341.84 ع ز . ق 1962
100 0# - MAIN ENTRY--PERSONAL NAME
Personal name عزالدين عبدالله
Relator term مؤلف.
245 12 - TITLE STATEMENT
Title القانون الدولي الخاص المصري.
Number of part/section of a work الجزء الثاني،
Name of part/section of a work تنازع القوانين و تنازع الإختصاص القضائي الدوليين /
Statement of responsibility, etc. عزالدين عبدالله.
250 ## - EDITION STATEMENT
Edition statement الطبعة الرابعة
264 #1 - PRODUCTION, PUBLICATION, DISTRIBUTION, MANUFACTURE, AND COPYRIGHT NOTICE
Place of production, publication, distribution, manufacture مصر :
Name of producer, publisher, distributor, manufacturer دار النهضة العربية،
Date of production, publication, distribution, manufacture, or copyright notice 1962.
300 ## - PHYSICAL DESCRIPTION
Extent صفحة؛ 884
Dimensions 30 سم.
336 ## - CONTENT TYPE
Content type term text
Source rda content
337 ## - MEDIA TYPE
Media type term Computer
Source rda media
338 ## - CARRIER TYPE
Carrier type term Online Resource
Source rda carrier
546 ## - LANGUAGE NOTE
Language note النص باللغة العربية
650 04 - SUBJECT ADDED ENTRY--TOPICAL TERM
Topical term or geographic name entry element قانون دولي خاص
650 04 - SUBJECT ADDED ENTRY--TOPICAL TERM
Topical term or geographic name entry element تنازع القوانين
856 ## - ELECTRONIC LOCATION AND ACCESS
Uniform Resource Identifier <a href="https://fll.law.cu.edu.eg/fulltext/th/B12-01487.pdf">https://fll.law.cu.edu.eg/fulltext/th/B12-01487.pdf</a>
905 ## - Cataloger and Reviser Names
Cataloger Name: Logain Ashraf
Revisor Name: Hassnaa
942 ## - ADDED ENTRY ELEMENTS (KOHA)
Source of classification or shelving scheme Dewey Decimal Classification
Koha item type Books
Edition 21
Suppress in OPAC No
Holdings
Withdrawn status Lost status Source of classification or shelving scheme Damaged status Not for loan Collection Home library Current library Date acquired Total checkouts Full call number Barcode Date last seen Copy number Price effective from Koha item type
    Dewey Decimal Classification   Not for loan القانون الدولي الخاص جــــامعة القــاهرة مكتبة كلية الحقوق - المبنى الرئيسي 25.11.2025   Law1 12 341.84 ع ز . ق 1201487 1962 C1 B12-01487 25.11.2025 1 25.11.2025 Books

© All rights reserved — Faculty of Law, Cairo University